|
LDR
| 02714nam a22006135i 4500 |
|---|
| 001 | 33138 |
|---|
| 003 | CONS |
|---|
| 005 | 20130727075640.0 |
|---|
| 007 | cr nn 008mamaa |
|---|
| 008 | 130217s2013 gw | s |||| 0|eng d |
|---|
| 020 | | . |
‡a9783642369490
‡9978-3-642-36949-0 |
|---|
| 024 | 7 | . |
‡a10.1007/978-3-642-36949-0
‡2doi |
|---|
| 035 | | . |
‡a(DE-He213)978-3-642-36949-0 |
|---|
| 050 | | 4. |
‡aQA76.9.E94 |
|---|
| 072 | | 7. |
‡aUYD
‡2bicssc |
|---|
| 072 | | 7. |
‡aCOM074000
‡2bisacsh |
|---|
| 100 | 1 | . |
‡aCaragiannis, Ioannis.
‡eeditor. |
|---|
| 245 | 1 | 0. |
‡aEuro-Par 2012: Parallel Processing Workshops
‡h[electronic resource] :
‡bBDMC, CGWS, HeteroPar, HiBB, OMHI, Paraphrase, PROPER, Resilience, UCHPC, VHPC, Rhodes Islands, Greece, August 27-31, 2012. Revised Selected Papers /
‡cedited by Ioannis Caragiannis, Michael Alexander, Rosa Maria Badia, Mario Cannataro, Alexandru Costan, Marco Danelutto, Frédéric Desprez, Bettina Krammer, Julio Sahuquillo, Stephen L. Scott, Josef Weidendorfer. |
|---|
| 264 | | 1. |
‡aBerlin, Heidelberg :
‡bSpringer Berlin Heidelberg :
‡bImprint: Springer,
‡c2013. |
|---|
| 300 | | . |
‡aXXIV, 589 p. 232 illus.
‡bonline resource. |
|---|
| 336 | | . |
‡atext
‡btxt
‡2rdacontent |
|---|
| 337 | | . |
‡acomputer
‡bc
‡2rdamedia |
|---|
| 338 | | . |
‡aonline resource
‡bcr
‡2rdacarrier |
|---|
| 347 | | . |
‡atext file
‡bPDF
‡2rda |
|---|
| 490 | 1 | . |
‡aLecture Notes in Computer Science,
‡x0302-9743 ;
‡v7640 |
|---|
| 650 | | 0. |
‡aComputer science. |
|---|
| 650 | | 0. |
‡aComputer hardware. |
|---|
| 650 | | 0. |
‡aComputer network architectures. |
|---|
| 650 | | 0. |
‡aComputer system performance. |
|---|
| 650 | | 0. |
‡aSoftware engineering. |
|---|
| 650 | | 0. |
‡aComputer software. |
|---|
| 650 | | 0. |
‡aBioinformatics. |
|---|
| 650 | 1 | 4. |
‡aComputer Science. |
|---|
| 650 | 2 | 4. |
‡aSystem Performance and Evaluation. |
|---|
| 650 | 2 | 4. |
‡aComputer Systems Organization and Communication Networks. |
|---|
| 650 | 2 | 4. |
‡aSoftware Engineering/Programming and Operating Systems. |
|---|
| 650 | 2 | 4. |
‡aAlgorithm Analysis and Problem Complexity. |
|---|
| 650 | 2 | 4. |
‡aComputational Biology/Bioinformatics. |
|---|
| 650 | 2 | 4. |
‡aComputer Hardware. |
|---|
| 700 | 1 | . |
‡aAlexander, Michael.
‡eeditor. |
|---|
| 700 | 1 | . |
‡aBadia, Rosa Maria.
‡eeditor. |
|---|
| 700 | 1 | . |
‡aCannataro, Mario.
‡eeditor. |
|---|
| 700 | 1 | . |
‡aCostan, Alexandru.
‡eeditor. |
|---|
| 700 | 1 | . |
‡aDanelutto, Marco.
‡eeditor. |
|---|
| 700 | 1 | . |
‡aDesprez, Frédéric.
‡eeditor. |
|---|
| 700 | 1 | . |
‡aKrammer, Bettina.
‡eeditor. |
|---|
| 700 | 1 | . |
‡aSahuquillo, Julio.
‡eeditor. |
|---|
| 700 | 1 | . |
‡aScott, Stephen L.
‡eeditor. |
|---|
| 700 | 1 | . |
‡aWeidendorfer, Josef.
‡eeditor. |
|---|
| 710 | 2 | . |
‡aSpringerLink (Online service) |
|---|
| 773 | 0 | . |
‡tSpringer eBooks |
|---|
| 776 | 0 | 8. |
‡iPrinted edition:
‡z9783642369483 |
|---|
| 830 | | 0. |
‡aLecture Notes in Computer Science,
‡x0302-9743 ;
‡v7640 |
|---|
| 856 | 4 | 0. |
‡uhttp://biblioteca.ipicyt.edu.mx:2048/login?url=http://dx.doi.org/10.1007/978-3-642-36949-0
‡yTexto completo
‡9CONS |
|---|
| 950 | | . |
‡aComputer Science (Springer-11645) |
|---|
| 901 | | . |
‡a33138
‡b
‡c33138
‡tbiblio
‡sSystem Local |
|---|